Statistics for Largest mobile network operators

Click here to take the quiz!

General Stats

  • This quiz has been taken 9 times
  • The average score is 3 of 10

Answer Stats

Subscribers (in millions)CountryAnswer% Correct
323United KingdomVodafone
89%
271FranceOrange
56%
966.39ChinaChina Mobile
33%
380.32ChinaChina Telecom
33%
277.8SpainTelefónica
33%
491.26IndiaBharti Airtel
22%
405.68IndiaReliance Jio
22%
286.53MexicoAmérica Móvil
11%
272South AfricaMTN
11%
317ChinaChina Unicorn
0%

Score Distribution

Percentile by Number Answered

Percent of People with Each Score

Your Score History

You have not taken this quiz